Study on the emergency preparedness of the Isidro S. Rodriguez (Record no. 75369)

MARC details
000 -LEADER
fixed length control field 02322nam a22002897i 4500
003 - CONTROL NUMBER IDENTIFIER
control field URS
005 - DATE AND TIME OF LATEST TRANSACTION
control field 20240416181620.0
008 - FIXED-LENGTH DATA ELEMENTS--GENERAL INFORMATION
fixed length control field 190322b ||||| |||| 00| 0 eng d
041 ## - LANGUAGE CODE
Language code of text/sound track or separate title eng
043 ## - GEOGRAPHIC AREA CODE
Geographic area code a-ph--
050 10 - LIBRARY OF CONGRESS CALL NUMBER
Classification number NA2542
Item number .M275 2016
100 ## - MAIN ENTRY--PERSONAL NAME
Personal name Magno, Rochelle D,
Relator term author
245 ## - TITLE STATEMENT
Title Study on the emergency preparedness of the Isidro S. Rodriguez
260 ## - PUBLICATION, DISTRIBUTION, ETC.
Date of publication, distribution, etc. October 2016
300 ## - PHYSICAL DESCRIPTION
Extent xi, 98 leaves :
Other physical details illustrations ;
Dimensions 28 cm
336 ## - CONTENT TYPE
Source rda content
Content type term text
337 ## - MEDIA TYPE
Source rda media
Media type term unmediated
338 ## - CARRIER TYPE
Source rda carrier
Carrier type term volume
502 ## - DISSERTATION NOTE
Dissertation note Thesis
Degree type Bachelor of Science in Civil Engineering
Name of granting institution University of Rizal System-Morong.
Year degree granted 2016
520 ## - SUMMARY, ETC.
Summary, etc. EXECUTIVE SUMMARY: The goal of the thesis is to determine the emergency preparedness of the Isidro S. Rodriguez (ISR) buildings at University of Rizal System-Morong through visual inspection, evaluation and assessment of the buildings. The researchers used two checklists in identifying the buildings' preparedness from the earthquake and fire that is the local infrastructure Audit form for buildings (LIAF1) and the Educational Occupancy Checklist, respectively. The researchers conducted the aforementioned procedures before, during and after class hours. After assessing the building, the researchers found out that 3 of the 4 stairways on the 3rd floor are inaccessible making it the most critical part of the building. Also, the cracks and leaks are found mostly on the third floor making it at high risk of being destroyed by an earthquake. The broken stairways and the cracks found can be fixed with different methods of renovating and restoration. These recommendations and solutions are drawn after deep study and analysis of the building, where the researchers asked for assistance of the professionals. In pursuit of the assessment done by the researchers, they established that the third floor of the ISR building is at high risk to disaster, while the first and second floors are still safe to use for a period of time.
650 #0 - SUBJECT ADDED ENTRY--TOPICAL TERM
Topical term or geographic name entry element Architecture--Environmental aspects.
700 ## - ADDED ENTRY--PERSONAL NAME
Personal name Samonte, Janine M.
Relator term author
700 ## - ADDED ENTRY--PERSONAL NAME
Personal name Villones, Roinel A.
Relator term author
700 ## - ADDED ENTRY--PERSONAL NAME
Personal name Garovillas, Noel M.
Relator term degree supervisor
856 ## - ELECTRONIC LOCATION AND ACCESS
Materials specified Online Request for Student Unpublished Works
Uniform Resource Identifier <a href="https://forms.gle/7LqvGGkaDrUQqz429">https://forms.gle/7LqvGGkaDrUQqz429</a>
942 ## - ADDED ENTRY ELEMENTS (KOHA)
Source of classification or shelving scheme Library of Congress Classification
Koha item type Theses and dissertations

No items available.

University of Rizal System
Email us at univlibservices@urs.edu.ph

Visit our Website www.urs.edu.ph/library